00482 a2200145 4500020001000000035001300010037004300023082000600066100002600072245006200098260003900160270008800199300002300287490002600310 c75.00 aB-211086 bRP-PV-4 / PANSY-07-08:5 / RP-07-08:ENG14aN1 aGardner, Erle Stanley1 aThe case of the grinning gorillacby Erle Stanley Gardner aBangalorebMaster Mind Booksc2006 aNo. 25, Vasan Towers, Dr. TCM Royan Raode560053k080-26705679mvasanbks@bgl.net.in a271 pc18 cm (pbk) aA perry mason mystery